इस अकाल वेला में : (Record no. 112215)

MARC details
000 -LEADER
fixed length control field 01220nam a22002657a 4500
005 - DATE AND TIME OF LATEST TRANSACTION
control field 20170124102935.0
010 ## - LIBRARY OF CONGRESS CONTROL NUMBER
LC control number A-354313
020 ## - INTERNATIONAL STANDARD BOOK NUMBER
Terms of availability 95.00
International Standard Book Number 8170551358
035 ## - SYSTEM CONTROL NUMBER
System control number A-354313
037 ## - SOURCE OF ACQUISITION
Source of stock number/acquisition Cen Lib/Ret
040 ## - CATALOGING SOURCE
Original cataloging agency DPL
Language of cataloging HN
082 ## - DEWEY DECIMAL CLASSIFICATION NUMBER
Classification number 821
Item number इसअक
100 ## - MAIN ENTRY--PERSONAL NAME
Personal name सक्सेना, निर्मला
9 (RLIN) 42466
245 ## - TITLE STATEMENT
Title इस अकाल वेला में :
Statement of responsibility, etc सम्पादक सुरेश शर्मा
Remainder of title राजकमल काहुधारी कवितायेँ /
246 ## - VARYING FORM OF TITLE
Title proper/short title Is akaal vela mein : Rajkamal Chaudhary ki kavitayein /
Remainder of title sampadak Suresh Sharma
260 ## - PUBLICATION, DISTRIBUTION, ETC. (IMPRINT)
Place of publication, distribution, etc नई दिल्ली
Name of publisher, distributor, etc वाणी प्रकाशन
Date of publication, distribution, etc 1988
270 ## - ADDRESS
City नई दिल्ली
Address 4697/5, 21-ए, दरयागंज
Postal code 110002
300 ## - PHYSICAL DESCRIPTION
Extent 254पृ.
Dimensions 21सेमी(सजिल्द)
650 ## - SUBJECT ADDED ENTRY--TOPICAL TERM
Topical term or geographic name as entry element हिन्दी साहित्य
9 (RLIN) 46369
650 ## - SUBJECT ADDED ENTRY--TOPICAL TERM
Topical term or geographic name as entry element हिन्दी साहित्य -- कवितायेँ
9 (RLIN) 46370
650 ## - SUBJECT ADDED ENTRY--TOPICAL TERM
Topical term or geographic name as entry element Hindi literature
9 (RLIN) 46371
650 ## - SUBJECT ADDED ENTRY--TOPICAL TERM
Topical term or geographic name as entry element Hindi literature -- Poetry
9 (RLIN) 46372
700 ## - ADDED ENTRY--PERSONAL NAME
Personal name शर्मा, सुरेश
9 (RLIN) 46373
942 ## - ADDED ENTRY ELEMENTS (KOHA)
Source of classification or shelving scheme Dewey Decimal Classification
Koha item type Hindi Books
Classification part 821
Call number suffix इसअक
Holdings
Withdrawn status Lost status Damaged status Not for loan Home library Current library Date acquired Source of acquisition Cost, normal purchase price Total Checkouts Full call number Barcode Date last seen Copy number Cost, replacement price Price effective from Koha item type
        Central Library Central Library 07/08/2015 Cen Lib/Ret 95.00   821 इसअक A-354313 07/08/2015 1 95.00 07/08/2015 Hindi Books

© Delhi Public Library
Hit Counter
free hit counter